000 00606nam a2200193Ia 4500
003 OSt
005 20260115144759.0
008 221004b |||||||| |||| 00| 0 pan d
037 _cTB
040 _aAL
_cAL
_bpun
041 _2pun
_apun
084 _aO153,2NPA,14, N1
_qAL
100 _aਨਨਕਾਣਵੀ, ਪਾਂਧੀ
_9875938
245 0 _aਰਾਤ ਵੇਲੇ ਸਰਬੀ ਵੇਲੇ
260 _c1991.
650 _aਪੰਜਾਬੀ ਸਾਹਿਤ
_9875939
942 _hO153,2NPA,14, N1
_cTB
_2CC
_n0
999 _c1068053
_d1068053